00358nam a2200145Ia 4500008004100000020001500041041001200056082001600068100001700084245004100101250000800142260004000150300000800190650001400198221030s9999 xx 000 0 und d a8178084465 aEnglish a105.23bSta aW. Stallings 0aComputer Organization & Architecture a5th bPearson EducationaNew Delhic2001 a748 aComputers